000
00291 a2200097 4500
020
_a
9789370981584
100
_a
K. A. Sebastian
245
_a
Anthyakoodasayude pittennu(അന്ത്യകൂദാശയുടെ പിറ്റേന്ന്)
260
_b
D C books
_c
2025
942
_c
OO
999
_c
115332
_d
115331